• 首页
  • 本馆介绍
  • 公告通知
  • 最新文献
  • 馆藏检索
  • 电子资源
  • 读者导购
  • 参考咨询
  • 我的图书馆
  • 登录
  • 详细信息显示
  • 放入我的书架
  • 预约/预借图书
  • 作者相关作品
  • 分类相关作品
  • 丛书相关作品
  • 出版社相关作品

书目信息

  • 表格格式
  • 工作单格式
  • 卡片格式
题名:
与原生家庭和解
    
 
作者: 米勒 著 ;束阳 , 殷世钞 译
分册:  
出版信息: 北京   中国友谊出版公司  2018
页数: 199页
开本: 21cm
丛书名:
单 册:
中图分类: C913.11
科图分类:
主题词: 家庭关系--jia ting guan xi
电子资源:
ISBN: 978-7-5057-4382-3
000 01201nam0 2200289 450
001 012001003303
005 20131012160723.0
010    @a978-7-5057-4382-3@dCNY42.00
099    @aCAL 012018129359
100    @a20180829d2018 em y0chiy50 ea
101 1  @achi@cger
102    @aCN@b110000
105    @ay z 000yy
106    @ar
200 1  @a与原生家庭和解@Ayu yuan sheng jia ting he jie@d= Das Drama Des Begabten Kinder Und Die Suche Nach Dem Wahren Selbst@f(瑞士) 爱丽丝·米勒著@g束阳, 殷世钞译@zger
210    @a北京@c中国友谊出版公司@d2018
215    @a199页@d21cm
314    @a爱丽丝·米勒, 世界著名心理学家, 代表作《身体不会说谎》等。
330    @a本书作为一部经典儿童教育心理学著作, 探讨了一种普遍的社会现象, 即童年有伤痛记忆的人, 靠着麻木自己, 适应了甚至是最难以描述的残酷经历, 而这种童年的残酷经历对于成人人格心理有着极大的负面影响。
500 10 @aDrama Des Begabten Kinder Und Die Suche Nach Dem Wahren Selbst@mChinese
606 0  @a家庭关系@Ajia ting guan xi
690    @aC913.11@v5
701  1 @a米勒@Ami le@g(Miller, Alice)@4著
702  0 @a束阳@Ashu yang@4译
702  0 @a殷世钞@Ayin shi chao@4译
801    @b江苏凤凰@c20191020
905    @b1232550-5@dC913.11@e1683@f6
    
    与原生家庭和解= Das Drama Des Begabten Kinder Und Die Suche Nach Dem Wahren Selbst/(瑞士) 爱丽丝·米勒著/束阳, 殷世钞译.-北京:中国友谊出版公司,2018
    199页;21cm
    
    
    ISBN 978-7-5057-4382-3:CNY42.00
    本书作为一部经典儿童教育心理学著作, 探讨了一种普遍的社会现象, 即童年有伤痛记忆的人, 靠着麻木自己, 适应了甚至是最难以描述的残酷经历, 而这种童年的残酷经历对于成人人格心理有着极大的负面影响。
●
相关链接 在E读中查询图书 在五车中查询图书 在当当中查询图书 在豆瓣中查询图书


正题名:与原生家庭和解     索取号:C913.11/1683         预约/预借

序号 登录号 条形码 馆藏地/架位号 状态 备注
1 1232550   212325508   第一样本阅览室/ [索取号:C913.11/1683] 在馆    
2 1232551   212325517   教育系资料室/ [索取号:C913.11/1683] 在馆    
3 1232552   212325526   教育系资料室/ [索取号:C913.11/1683] 在馆    
4 1232553   212325535   教育系资料室/ [索取号:C913.11/1683] 在馆    
5 1232554   212325544   第一借阅区/ [索取号:C913.11/1683] 在馆    
6 1232555   212325553   第一借阅区/ [索取号:C913.11/1683] 在馆    
唐山师范学院图书馆 欢迎您!
大连网信软件有限公司© 版权所有